ბათუმის შოთა რუსთაველის სახელმწიფო უნივერსიტეტის ბიბლიოთეკა

დასაქმების, პროცენტისა და ფულის ზოგადი თეორია / (ბიბ.ჩანაწერი № 36929)

000 -ლიდერი
ფიქსირებული სიგრძის საკონტროლო ველი 01180nam a2200253Ia 4500
001 - საკონტროლო ნომერი
საკონტროლო ველი 2880
003 - საკონტროლო ნომრის იდენტიფიკატორი
საკონტროლო ველი GE_BSU
005 - ბოლო ოპერაციის თარიღი და დრო
საკონტროლო ველი 20190503163009.0
008 - ფიქსირებული სიგრძის მონაცემთა ელემენტები - ზოგადი ინფორმაცია
ფიქსირებული სიგრძის საკონტროლო ველი 181216s1995|||| |||||||||||||| ||geo||
040 ## - კატალოგიზაციის წყარო
Transcribing agency GE_BSU
041 ## - ენის კოდი
Language code of text/sound track or separate title geo
080 ## - უნივერსალური ათობითი კლასიფიკაციის ინდექსი
Universal Decimal Classification number 336.741.21(0765.8)+330.101.54+336.788 კ–37
100 ## - მთავარი ჩანაწერი - პიროვნების სახელი
Personal name კეინსი, ჯონ
9 (RLIN) 699
245 ## - ცნობა სათაურის შესახებ
Title დასაქმების, პროცენტისა და ფულის ზოგადი თეორია /
Statement of responsibility, etc თარგმნა : რამაზ ნამიჭეიშვილმა; რედ : ელგუჯა თავბერიძე
264 ## - წარმოების, გამოცემის, დისტრიბუციის და სხვა ცნობები
გამოცემის, წარმოების, დისტრიბუციის... ადგილი ქუთაისი :.
გამოცემის, წარმოების, დისტრიბუციის... სახელწოდება ს/ს,,სტამბა''
გამოცემის, წარმოების, დისტრიბუციის... თარიღი 1995.
300 ## - ფიზიკური აღწერა
Extent 420 გვ ;
Dimensions 20 სმ.
653 ## - INDEX TERM--UNCONTROLLED
Uncontrolled term დასაქმების თეორია
653 ## - INDEX TERM--UNCONTROLLED
Uncontrolled term ფულის თეორია
653 ## - INDEX TERM--UNCONTROLLED
Uncontrolled term პროცენტის თეორია
700 ## - ADDED ENTRY--PERSONAL NAME
Personal name ნამიჭეიშვილი , რამაზ
Relator term მთარგმნელი
9 (RLIN) 700
700 ## - ADDED ENTRY--PERSONAL NAME
Personal name თავბერიძე , ელგუჯა
Relator term რედაქტორი
9 (RLIN) 701
942 ## - ADDED ENTRY ELEMENTS (KOHA)
Koha item type წიგნი
Source of classification or shelving scheme
ეგზემპლარები
ჩამოწერის სტატუსი დაკარგული ეგზემპლარის სტატუსი კლასიფიკაციის წყარო ან თაროზე გაწყობის სქემა დაზიანების სტატუსი არ გაიცემა მუდმივი მდებარეობა (დაცვის ადგილი) ამჟამინდელი ადგილსამყოფელი თაროზე განთავსების ადგილი შეძენის თარიღი ღირებულება, შესყიდვის ნორმალური ფასი სრული შენახვის შიფრი შტრიხკოდი ბოლო ოპერაციის თარიღი ეგზემპლარის მიმდევრობითი ნომერი (კეტერი?) ფასის ძალაში შესვლის თარიღი ეგზემპლარის სახეობა საჯარო შენიშვნა
          ბათუმის შოთა რუსთაველის სახელმწიფო უნივერსიტეტის მთავარი ბიბლიოთეკა ბათუმის შოთა რუსთაველის სახელმწიფო უნივერსიტეტის მთავარი ბიბლიოთეკა წიგნსაცავი 2018-12-17 8.00 336.741.21(076.8)+330.101.54+336.788 კ–37 7684 2018-12-17 7684 2018-12-17 წიგნი 8 ლ. 50 თ.
          ბათუმის შოთა რუსთაველის სახელმწიფო უნივერსიტეტის მთავარი ბიბლიოთეკა ბათუმის შოთა რუსთაველის სახელმწიფო უნივერსიტეტის მთავარი ბიბლიოთეკა წიგნსაცავი 2018-12-17 8.00 336.741.21(076.8)+330.101.54+336.788 კ–37 7685 2018-12-17 7685 2018-12-17 წიგნი 8 ლ. 50თ.
          ბათუმის შოთა რუსთაველის სახელმწიფო უნივერსიტეტის მთავარი ბიბლიოთეკა ბათუმის შოთა რუსთაველის სახელმწიფო უნივერსიტეტის მთავარი ბიბლიოთეკა წიგნსაცავი 2018-12-17 8.00 336.741.21(076.8)+330.101.54+336.788 კ–37 7686 2018-12-17 7686 2018-12-17 წიგნი 8 ლ. 50 თ.
          ბათუმის შოთა რუსთაველის სახელმწიფო უნივერსიტეტის მთავარი ბიბლიოთეკა ბათუმის შოთა რუსთაველის სახელმწიფო უნივერსიტეტის მთავარი ბიბლიოთეკა წიგნსაცავი 2018-12-17 8.00 336.741.21(076.8)+330.101.54+336.788 კ–37 7687 2018-12-17 7687 2018-12-17 წიგნი 8 ლ. 50 თ.
          ბათუმის შოთა რუსთაველის სახელმწიფო უნივერსიტეტის მთავარი ბიბლიოთეკა ბათუმის შოთა რუსთაველის სახელმწიფო უნივერსიტეტის მთავარი ბიბლიოთეკა წიგნსაცავი 2025-10-20 8.00 336.741.21(076.8)+330.101.54+336.788 კ–37 72764 2025-10-20 72764 2025-10-20 წიგნი 8.00
          ბათუმის შოთა რუსთაველის სახელმწიფო უნივერსიტეტის მთავარი ბიბლიოთეკა ბათუმის შოთა რუსთაველის სახელმწიფო უნივერსიტეტის მთავარი ბიბლიოთეკა წიგნსაცავი 2025-10-20 8.00 336.741.21(076.8)+330.101.54+336.788 კ–37 72765 2025-10-20 72765 2025-10-20 წიგნი 8.00